| 000 | 00501nam a2200193Ia 4500 | ||
|---|---|---|---|
| 003 | OSt | ||
| 005 | 20260306112358.0 | ||
| 008 | 210210b1995 xxu||||| |||| 00| 0 eng d | ||
| 040 | _cAL | ||
| 041 | _aHindi | ||
| 082 | _a869/350 | ||
| 100 |
_aVARMA (Vrindavanlal) _9205495 _d(वर्मा) वृंदावनलाल |
||
| 245 |
_aLagan: _bलगान |
||
| 260 |
_aLucknow _b- _c1995 |
||
| 650 |
_aLagan _9205497 |
||
| 690 |
_aHindi Fiction _9205498 |
||
| 906 | _a024149 | ||
| 942 |
_2ddc _cBK |
||
| 999 |
_c118896 _d118896 |
||